000 00438nam a22001337a 4500
040 _cNUST
082 _a200 THE
100 _aAqdas Javaid
_995935
110 _aSupervisor Dr. Shahzor Ahmad
_984250
245 _aTH-SOF-2018-Machine Learning based PV Fault Detection, Classification, and Localization using Solar Cell Parameters
260 _aISLAMABAD:
_bNUST COLLEGE OF EME,
_c2022.
650 _aMS-ELECT-20
_995936
942 _2ddc
_cTHE
999 _c590701
_d590701